Essays in economics and other cheerful themes : (Record no. 91238)

MARC details
000 -LEADER
fixed length control field 01585nam a22001937a 4500
010 ## - LCCN (DPL NO)
LC control number ENG-112095
020 ## - INTERNATIONAL STANDARD BOOK NUMBER
International Standard Book Number 9788132113737
Terms of availability 850.00
035 ## - SYSTEM CONTROL NUMBER
System control number EN-95627
037 ## - SOURCE OF ACQUISITION
Source of stock number/acquisition DBAD/PUB
082 ## - DEWEY DECIMAL CLASSIFICATION NUMBER
Classification number 330
100 ## - MAIN ENTRY--PERSONAL NAME
Personal name Subramanian, S.
245 ## - TITLE STATEMENT
Title Essays in economics and other cheerful themes :
Statement of responsibility, etc by S. Subramanian
Remainder of title a dismal scientist’s occasional reflections of the world around him /
260 ## - PUBLICATION, DISTRIBUTION, ETC. (IMPRINT)
Place of publication, distribution, etc New Delhi
Name of publisher, distributor, etc Sage Publications
Date of publication, distribution, etc 2014
270 ## - ADDRESS
Address BI/I-1 Mohan Coperative Industrial Area, Mathura Road
City New Delhi
Postal code 110044
300 ## - PHYSICAL DESCRIPTION
Extent xxiii,203p.
Dimensions 22cm(Hb)
505 ## - FORMATTED CONTENTS NOTE
Formatted contents note Well-being and the world today -- Global poverty, inequality, and aid flows : a rough guide to some simple justice -- The status of the child in India -- Human development and human rights -- Inclusive development and the quintile income statistic -- Reprisal without rectitude -- Moral catastrophes and immoral reasoning -- Looking back and ahead -- Examining the creamy layer principle -- On headcount poverty comparisons -- Thinking through justice -- Are egalitarians really vulnerable to the levelling-down objection and the divided -- Can we possibly subscribe to both liberty and equality at one and the same time? -- A curmudgeon’s complaints -- Jai ho, jeeves! an advanced sociological analysis of slumdog millionaire -- Language and representation or, more modestly, mathematical economics and poverty -- Writing economics in exactly 300 words: two samples in the tradition of J.B. Morton (beachcomber).
650 ## - SUBJECT ADDED ENTRY--TOPICAL TERM
Topical term or geographic name as entry element Economics
Form subdivision Popular works
942 ## - ADDED ENTRY ELEMENTS (KOHA)
Source of classification or shelving scheme Dewey Decimal Classification
Item type English Books
Call number suffix SUB
Classification part 330
Holdings
Withdrawn status Lost status Not for loan Collection code Home library Current library Date acquired Source of acquisition Cost, normal purchase price Full call number Barcode Copy number Cost, replacement price Koha item type
    Not For Loan Non-fiction D.B.Act.Division D.B.Act.Division 05/02/2015 DBAD/PUB 850.00 330 SUB EN-95627 1 850.00 English Books

© Delhi Public Library
Hit Counter
free hit counter